| 000 | 00424pam a2200157a 44500 | ||
|---|---|---|---|
| 008 | 230515b1981 xxu||||| |||| 00| 0 eng d | ||
| 020 | _aNULL | ||
| 041 | _aENGL | ||
| 082 | _aNULL | ||
| 100 | _a"MEHTA V. D.," | ||
| 245 | _aFIELD WORK IN SOCIAL WORK | ||
| 250 | _a0 | ||
| 260 |
_aNULL _bASSOCIATION OF SCHOOL OF SOCIAL WORK IN INDIA _c1981 |
||
| 300 | _aVII+179 | ||
| 650 | _a"SOCIAL PROBLEM & SOCIAL WELFARE,SOCIAL WORK" | ||
| 999 |
_c537401 _d537401 |
||